La actual crisis económica de estados Unidos y sus efectos en Guatemala /

Na minha lista:
Detalhes bibliográficos
Autor principal: Pérez Xicará, José Efraín
Formato: Texto
Tags: Adicionar Tag
Sem tags, seja o primeiro a adicionar uma tag!

MARC

LEADER 00000 a a2200000 04500
001 45398
003
040
090 |a REV0780 (45)2008  
100 |a Pérez Xicará, José Efraín  
245 |a La actual crisis económica de estados Unidos y sus efectos en Guatemala /  |c aJosé Efraín Pérez Xicará  
500 |a CRISIS   |a ECONOMIA  
773 |g número45, (2008), páginas 18-28  
999 |c 39503  |d 39503